| 000 | 01145nam a2200253 a 4500 | ||
|---|---|---|---|
| 001 | 81424 | ||
| 003 | BD-RjUL | ||
| 005 | 20230521150751.0 | ||
| 008 | 230521s2022 bg ||||| |||| 00| 0 ben d | ||
| 020 | _a9789849638995 | ||
| 035 | _a(BD-RjUL)81424 | ||
| 040 |
_aBD-RjUL _beng _cBD-RjUL |
||
| 041 | _aben | ||
| 082 |
_223 _a956.94 _bPHI 2022 |
||
| 245 | 1 | 0 |
_aফিলিস্তিন / _cগ্রন্থনা সাঈদ সোল্হ্ মীর্জায়ী ; বঙ্গানুবাদ আবদুস সবুর খান; সম্পাদনা এম আব্দুল কুদ্দুস বাদশা |
| 260 |
_aঢাকা : _bসূচীপত্র, _c২০২২ |
||
| 300 |
_a২০৭ পৃ.; _c২২ সেমি. |
||
| 650 |
_aমধ্যপ্রাচ্য _zফিলিস্তিন _97584 |
||
| 650 |
_aMiddle East _zPalestine _97585 |
||
| 700 |
_aমীর্জায়ী, সাঈদ সোল্হ্ _97586 |
||
| 700 |
_aখান, আবদুস সবুর _97587 |
||
| 700 |
_aবাদশা, এম আব্দুল কুদ্দুস _97588 |
||
| 942 |
_2ddc _cBK |
||
| 999 |
_c81424 _d81424 |
||